000 00294nam a22001217a 4500
008 170505b xxu||||| |||| 00| 0 eng d
041 _aeng
080 _a343.9
100 _a15
101 _aSHJ
245 _aCRIMINOLOGICAL THEORIES: INTRODUCTION AND EVALUATION
_cAKERS, R.L
942 _2udc
_cBK
999 _c12756
_d12756